365 Steps to Self Confidence (Record no. 3252)

MARC details
000 -LEADER
fixed length control field 00319nam a2200121Ia 4500
008 - FIXED-LENGTH DATA ELEMENTS--GENERAL INFORMATION
fixed length control field 191201s2007 xx 000 0 und d
100 ## - MAIN ENTRY--PERSONAL NAME
Personal name PRESTON, David Lawrence
245 #0 - TITLE STATEMENT
Title 365 Steps to Self Confidence
260 ## - PUBLICATION, DISTRIBUTION, ETC. (IMPRINT)
Place of publication, distribution, etc New Delhi
Name of publisher, distributor, etc Jaico Publication House
Date of publication, distribution, etc 2007
300 ## - PHYSICAL DESCRIPTION
Extent 224
650 ## - SUBJECT ADDED ENTRY--TOPICAL TERM
Topical term or geographic name as entry element B.Tech(IT)
942 ## - ADDED ENTRY ELEMENTS (KOHA)
Source of classification or shelving scheme Dewey Decimal Classification
Koha item type Text Books
Holdings
Withdrawn status Lost status Source of classification or shelving scheme Damaged status Not for loan Collection code Home library Current library Shelving location Date acquired Source of acquisition Cost, normal purchase price Bill Number Total Checkouts Full call number Acc. no. / Barcode Date last seen Bill Date Koha item type Date last borrowed Public note
    Dewey Decimal Classification     GENERAL PIET C-LIBRARY PIET C-LIBRARY Ref. Sec. R03 26/08/2007 UDH, Delhi 135.00 943   158.1 PRS 8005 04/12/2019 07/09/2007 Reference Books    
    Dewey Decimal Classification     GENERAL PIET C-LIBRARY PIET C-LIBRARY Ref. Sec. R03 26/08/2007 UDH, Delhi 135.00 943 3 158.1 PRS 8006 15/12/2021 07/09/2007 Text Books 30/11/2021  
    Dewey Decimal Classification     GENERAL PIET C-LIBRARY PIET C-LIBRARY Ref. Sec. R03 26/08/2007 UDH, Delhi 135.00 943 2 158.1 PRS 8007 21/07/2022 07/09/2007 Text Books 08/07/2022 Motivational

Design & Developed by: PIET Central Library
R70 Miles Stone Pattikalyana Samalkha Panipat 132102
mail ID :- [email protected], Phone No:- 0180-2569700 Ex.216